000 00558nam a2200181Ia 4500
008 090630s9999 xx 000 0 und d
082 _b16074
100 _aबर्वे चंद्रशेखर.
245 _aओनामा.
_cबर्वे चंद्रशेखर.
260 _bनुतन.
300 _a117
600 _aबर्वे चंद्रशेखर.
630 _aओनामा.
655 _aइतर.
700 _aबर्वे चंद्रशेखर.
730 _aओनामा.
942 _cBOOK
999 _c267930
_d267930